Business Process Automation – New Challenges to Increasing the Efficiency and Competitiveness of Companies

Cieľom príspevku je identifikovať oblasti a možnosti zlepšenia obchodných a účtovných procesov s využitím informačných technológií, digitalizácie a automatizácie. Pre účely príspevku bol vykonaný štandardný metodologický prehľad literárnych zdrojov. Následne sme uskutočnili krátky dotazníkový priesk...

Descrizione completa

Salvato in:
Dettagli Bibliografici
Autore principale: Blahušiaková, Miriama, 1980-
Natura: Capitolo di libro
Lingua:inglese
Soggetti:
Tags: Aggiungi Tag
Nessun Tag, puoi essere il primo ad aggiungerne!!

MARC

LEADER 00000naa a2200000 4500
001 0296320
005 20260210120856.3
041 0 |a eng 
044 |a RS 
245 1 0 |a Business Process Automation – New Challenges to Increasing the Efficiency and Competitiveness of Companies  |c Miriama Blahušiaková 
520 |a Cieľom príspevku je identifikovať oblasti a možnosti zlepšenia obchodných a účtovných procesov s využitím informačných technológií, digitalizácie a automatizácie. Pre účely príspevku bol vykonaný štandardný metodologický prehľad literárnych zdrojov. Následne sme uskutočnili krátky dotazníkový prieskum s cieľom zistiť úroveň automatizácie a digitalizácie obchodných procesov vo firmách v SR. 
610 2 0 |a účtovníctvo 
610 2 0 |a automatizácia 
610 2 0 |a digitalizácia 
610 2 0 |a pandémia 
610 2 0 |a konkurencieschopnosť 
100 1 |a Blahušiaková, Miriama, 1980-